| 000 | 00855nam a2200241 a 4500 | ||
|---|---|---|---|
| 001 | 73322 | ||
| 003 | BD-RjUL | ||
| 005 | 20211209082359.0 | ||
| 008 | 170530s1968 enk 001 0 eng d | ||
| 035 | _a(BD-RjUL)73540 | ||
| 040 |
_aYBM _cYBM _dEQO _dBD-RjUL _beng |
||
| 041 | _aeng | ||
| 082 |
_223 _a621.31912028 _bRAD 1968 |
||
| 100 | 1 |
_aRainey, Gilbert L. _9216887 |
|
| 245 | 1 | 0 |
_aD-C electricity laboratory manual / _cGilbert L. Rainey. |
| 260 |
_aNew York : _bHolt, Reinhart and Winston, _cc1968 |
||
| 300 |
_axii 237 p. : _bill. ; _c28 cm. |
||
| 490 | 1 | _aHis electrical & electronic technology series of laboratory manuals | |
| 650 | 0 |
_aDirect-currents system _xLaboratory manuals. _9216888 |
|
| 650 | 0 |
_aElectric currents, Direct _9216889 |
|
| 830 |
_aHis electrical & electronic technology series of laboratory manuals _9216890 |
||
| 942 |
_2ddc _cBK |
||
| 999 |
_c73322 _d73322 |
||